| 000 | 01105pam a2200301 i 4500 | ||
|---|---|---|---|
| 001 | 016516260 | ||
| 003 | OSt | ||
| 005 | 20201128021035.0 | ||
| 008 | 130905t2013 xxkadk frb 001 0 eng d | ||
| 020 | _a9781781955963 (hbk.) | ||
| 020 | _z9781781955970 (ebook) | ||
| 040 |
_aStDuBDS _beng _cStDuBDS _dUk _erda |
||
| 082 | 0 | 4 |
_a658.8 _222 _bRUZ |
| 100 | 1 |
_aRuzzier, Maja Konecnik _935722 |
|
| 245 | 1 | 0 |
_aMarketing for entrepreneurs and SMEs : _ba global perspective / _cMaja Konecnik Ruzzier, Mitja Ruzzier, Robert D. Hisrich. |
| 260 |
_aCheltenham, United Kingdom ; _aNorthampton, United States : _bEdward Elgar, _cc.2013 _e(Padstow, United Kingdom : _fT. J. International Ltd.) |
||
| 300 |
_aviii, 250 p. : _bcharts, forms, tables ; _c24 cm. |
||
| 500 | _aIndex : p. 241-250. | ||
| 504 | _aIncludes bibliographical references. | ||
| 530 | _aAlso issued online. | ||
| 650 | 0 |
_aMarketing _94499 |
|
| 650 | 0 |
_aEntrepreneurship _9240 |
|
| 653 |
_bBUSADM _cMarch2014 |
||
| 655 |
_vreading book _934232 |
||
| 700 | 1 |
_aRuzzier, Mitja _935723 |
|
| 700 | 1 |
_aHisrich, Robert D. _935724 |
|
| 942 |
_2ddc _k658.8 RUZ |
||
| 999 |
_c18138 _d18110 |
||